5HLuxD.jpg

KING HENRY VIII SENIOR AND PRIMARY SCHOOL LIBRARY OPAC

English-Chinese (Mandarin) Chinese (Mandarin)-English dictionary / (Record no. 2829)

000 -LEADER
fixed length control field 01115nam a22003371i 4500
001 - CONTROL NUMBER
control field 017086642
003 - CONTROL NUMBER IDENTIFIER
control field Uk
005 - DATE AND TIME OF LATEST TRANSACTION
control field 20230823103914.0
008 - FIXED-LENGTH DATA ELEMENTS--GENERAL INFORMATION
fixed length control field 160712s2014 enk 000|0|eng|d
015 ## - NATIONAL BIBLIOGRAPHY NUMBER
National bibliography number GBB6A0689
Source bnb
016 7# - NATIONAL BIBLIOGRAPHIC AGENCY CONTROL NUMBER
Record control number 017086642
Source Uk
020 ## - INTERNATIONAL STANDARD BOOK NUMBER
International Standard Book Number 9781908357588 (paperback)
040 ## - CATALOGING SOURCE
Original cataloging agency StDuBDS
Language of cataloging eng
Transcribing agency StDuBDS
Description conventions rda
Modifying agency KH8
041 0# - LANGUAGE CODE
Language code of text/sound track or separate title eng
-- chi
042 ## - AUTHENTICATION CODE
Authentication code ukblsr
082 04 - DEWEY DECIMAL CLASSIFICATION NUMBER
Classification number 495.132 SHA
130 ## - MAIN ENTRY--UNIFORM TITLE
Uniform title English-Chinese (Mandarin) Chinese (Mandarin)-English dictionary
245 00 - TITLE STATEMENT
Title English-Chinese (Mandarin) Chinese (Mandarin)-English dictionary /
Statement of responsibility, etc. compiled by Yinghong Shang & Ruihua Yao.
264 #1 - PRODUCTION, PUBLICATION, DISTRIBUTION, MANUFACTURE, AND COPYRIGHT NOTICE
Place of production, publication, distribution, manufacture Wembley :
Name of producer, publisher, distributor, manufacturer STAR Foreign Language BOOKS,
Date of production, publication, distribution, manufacture, or copyright notice 2014.
300 ## - PHYSICAL DESCRIPTION
Extent 350 pages ;
Dimensions 21 cm.
336 ## - CONTENT TYPE
Content type term text
Source rdacontent
337 ## - MEDIA TYPE
Media type term unmediated
Source rdamedia
338 ## - CARRIER TYPE
Carrier type term volume
Source rdacarrier
490 0# - SERIES STATEMENT
Series statement One to one bilingual dictionary
500 ## - GENERAL NOTE
General note Previous edition: 2013.
650 #0 - SUBJECT ADDED ENTRY--TOPICAL TERM
Topical term or geographic name entry element English language
Form subdivision Dictionaries
General subdivision Chinese.
650 #0 - SUBJECT ADDED ENTRY--TOPICAL TERM
Topical term or geographic name entry element Chinese language
Form subdivision Dictionaries
General subdivision English.
700 1# - ADDED ENTRY--PERSONAL NAME
Personal name Shang, Yinghong,
Relator term editor.
700 1# - ADDED ENTRY--PERSONAL NAME
Personal name Yao, Ruihua,
Relator term editor.
942 ## - ADDED ENTRY ELEMENTS (KOHA)
Source of classification or shelving scheme
Koha item type Teaching Resources
Holdings
Withdrawn status Lost status Source of classification or shelving scheme Damaged status Not for loan Collection code Permanent Location Current Location Shelving location Date acquired Total Checkouts Full call number Barcode Date due Date last seen Date last checked out Price effective from Koha item type
          Teaching Resources KH8 Senior School Library KH8 Senior School Library Staff Office 2023-08-23 1 495.132 SHA TRKHSL002264 2025-07-04 2024-11-07 2024-11-07 2023-08-23 Teaching Resources
          Teaching Resources KH8 Senior School Library KH8 Senior School Library Staff Office 2023-08-23 2 495.132 SHA TRKHSL002265 2026-07-03 2025-08-20 2025-08-20 2023-08-23 Teaching Resources
          Teaching Resources KH8 Senior School Library KH8 Senior School Library Staff Office 2023-08-23 1 495.132 SHA TRKHSL002266 2025-07-04 2024-11-07 2024-11-07 2023-08-23 Teaching Resources
          Teaching Resources KH8 Senior School Library KH8 Senior School Library Staff Office 2023-08-24 1 495.132 SHA TRKHSL002314 2025-07-04 2024-11-07 2024-11-07 2023-08-24 Teaching Resources
          Teaching Resources KH8 Senior School Library KH8 Senior School Library Staff Office 2023-08-24 1 495.132 SHA TRKHSL002315 2025-07-04 2024-11-07 2024-11-07 2023-08-24 Teaching Resources
          Teaching Resources KH8 Senior School Library KH8 Senior School Library Staff Office 2024-11-21 1 495.132 SHA TRKHSL006195 2025-07-04 2025-04-25 2025-04-25 2024-11-21 Teaching Resources

Powered By KH8 IT Dept